[Event "Provincial-ch Burjassot Preferente"]
[Site "Valencia"]
[Date "2011.11.05"]
[Round "4"]
[White "Pales Garcia, Pere"]
[Black "Biasoli Lopez, Alain"]
[Result "1-0"]
[WhiteElo "1900"]
[BlackElo "1937"]
[PlyCount "55"]
[EventDate "2011.10.01"]
[EventType "swiss"]
[EventRounds "7"]
[EventCountry "ESP"]
[SourceTitle "EXT 2024"]
[Source "ChessBase"]
[SourceDate "2023.10.10"]
[SourceVersion "1"]
[SourceVersionDate "2023.10.10"]
[SourceQuality "1"]

1. e4 c5 2. Ne2 d6 3. Nbc3 a6 4. g3 e6 5. Bg2 g6 6. 0-0 Bg7 7. d3 Ne7 8. a4 Nbc6 9. Be3 Nd4 10. f4 0-0 11. g4 f5 12. h3 Qc7 13. Ng3 Bd7 14. Kh1 Bc6 15. gxf5 exf5 16. Nd5 Bxd5 17. exd5 c4 18. Bxd4 Bxd4 19. c3 Bf6 20. d4 b5 21. axb5 axb5 22. Rxa8 Rxa8 23. Qe2 b4 24. Qe6+ Kg7 25. Re1 bxc3 26. bxc3 Ra3 27. Re3 Kf8 28. Qxf6+ 1-0

[Event "Valencia Autonomico Norte-B"]
[Site "Valencia"]
[Date "2009.02.07"]
[Round "5.4"]
[White "Arnal Legua, Vicente"]
[Black "Biasoli Lopez, Alain"]
[Result "1-0"]
[WhiteElo "1910"]
[BlackElo "1986"]
[PlyCount "71"]
[EventDate "2009.01.10"]
[EventType "team-tourn"]
[EventRounds "5"]
[EventCountry "ESP"]
[SourceTitle "EXT 2011"]
[Source "ChessBase"]
[SourceDate "2010.11.26"]
[SourceVersion "1"]
[SourceVersionDate "2010.11.26"]
[SourceQuality "1"]

1. e4 c5 2. Nf3 d6 3. d4 cxd4 4. Nxd4 Nf6 5. Nc3 a6 6. Be2 e5 7. Nf5 d5 8. Ng3 d4 9. Nb1 Be6 10. 0-0 Bc5 11. Nd2 Nc6 12. Nf3 h6 13. Ne1 Qd7 14. Nd3 Ba7 15. a3 g5 16. Bd2 0-0-0 17. Rc1 g4 18. f4 gxf3 19. Bxf3 h5 20. Bg5 Ng4 21. Qe1 f6 22. Bxg4 fxg5 23. Bxh5 Rh6 24. h3 g4 25. hxg4 Bxg4 26. Bxg4 Qxg4 27. Rf3 Rdh8 28. Qf2 Qh4 29. Rf8+ Rxf8 30. Qxf8+ Nd8 31. Nf5 Qh2+ 32. Kf2 Rh8 33. Nd6+ Kd7 34. Qf6 Rh6 35. Nxe5+ Kc7 36. Qe7+ 1-0

[Event "La Roda op 32nd"]
[Site "La Roda"]
[Date "2005.03.24"]
[Round "2"]
[White "Javakhishvili, Lela"]
[Black "Biasoli Lopez, Alain"]
[Result "1-0"]
[WhiteElo "2456"]
[BlackElo "2132"]
[PlyCount "67"]
[EventDate "2005.03.23"]
[EventType "swiss"]
[EventRounds "9"]
[EventCountry "ESP"]
[SourceTitle "CBM 105 Extra"]
[Source "ChessBase"]
[SourceDate "2005.05.01"]
[SourceVersion "1"]
[SourceVersionDate "2005.05.01"]
[SourceQuality "1"]

1. d4 Nf6 2. c4 g6 3. Nc3 Bg7 4. e4 d6 5. Nf3 0-0 6. Be2 e5 7. Be3 Nc6 8. d5 Ne7 9. Nd2 Nd7 10. f3 f5 11. 0-0 f4 12. Bf2 g5 13. b4 Nf6 14. c5 Ng6 15. Nc4 a6 16. a4 Rf7 17. cxd6 cxd6 18. b5 Bf8 19. Rc1 axb5 20. Nxb5 g4 21. Bb6 Qd7 22. Ba7 Qd8 23. a5 gxf3 24. Bxf3 Nh4 25. Kh1 Nxf3 26. gxf3 Nh5 27. Rg1+ Ng3+ 28. hxg3 fxg3 29. Rxg3+ Kh8 30. Qg1 Bh6 31. Nbxd6 Rf4 32. Rc2 Rh4+ 33. Rh2 Rxh2+ 34. Qxh2 1-0

[Event "Silla op 4th"]
[Site "Silla"]
[Date "2003.12.21"]
[Round "2"]
[White "Biasoli Lopez, Alain"]
[Black "Espinosa Mari, Juan Jose"]
[Result "1/2-1/2"]
[WhiteElo "2132"]
[BlackElo "1804"]
[PlyCount "73"]
[EventDate "2003.12.19"]
[EventType "swiss"]
[EventRounds "7"]
[EventCountry "ESP"]
[SourceTitle "CBM 097 Extra"]
[Source "ChessBase"]
[SourceDate "2004.01.13"]
[SourceVersion "1"]
[SourceVersionDate "2004.01.13"]
[SourceQuality "1"]

1. e4 e5 2. Nf3 Nc6 3. Bb5 a6 4. Ba4 Nf6 5. 0-0 b5 6. Bb3 Be7 7. Re1 0-0 8. h3 d6 9. c3 Bb7 10. d4 h6 11. Nbd2 Qd7 12. Nf1 Rfe8 13. Ng3 Rad8 14. a4 Bf8 15. Qd3 b4 16. d5 Na5 17. cxb4 Nxb3 18. Qxb3 c6 19. dxc6 Bxc6 20. Be3 Rb8 21. Nd2 d5 22. exd5 Bxd5 23. Qd3 Qb7 24. f3 Qxb4 25. Qxa6 Qxb2 26. Rab1 Qc2 27. Rxb8 Rxb8 28. Nde4 Ra8 29. Nxf6+ gxf6 30. Qxf6 Bg7 31. Qf5 Qc3 32. Bf2 Rxa4 33. Nh5 Be6 34. Qb1 Bh8 35. Qb8+ Kh7 36. Qb1+ Kg8 37. Qb8+ 1/2-1/2

[Event "Valencia Once op 9th"]
[Site "Valencia"]
[Date "2003.10.02"]
[Round "5.20"]
[White "Monton Queralt, Jose Angel"]
[Black "Biasoli Lopez, Alain"]
[Result "1-0"]
[WhiteElo "2042"]
[BlackElo "2132"]
[PlyCount "55"]
[EventDate "2003.09.27"]
[EventType "swiss"]
[EventRounds "7"]
[EventCountry "ESP"]
[SourceTitle "CBM 096 Extra"]
[Source "ChessBase"]
[SourceDate "2003.10.22"]
[SourceVersion "2"]
[SourceVersionDate "2003.10.20"]
[SourceQuality "1"]

1. e4 c5 2. Nf3 d6 3. d4 cxd4 4. Nxd4 Nf6 5. Nc3 a6 6. Bc4 e6 7. Bb3 b5 8. Bg5 Be7 9. Qf3 Qb6 10. 0-0-0 Qb7 11. Rhe1 Bd7 12. Bxf6 Bxf6 13. Nf5 0-0 14. Nxd6 Qc7 15. e5 Bc6 16. Qg4 Be7 17. Nce4 Bxe4 18. Qxe4 Nd7 19. f4 Nc5 20. Qf3 Rfd8 21. f5 Nxb3+ 22. Qxb3 Bxd6 23. exd6 Rxd6 24. fxe6 Rxd1+ 25. Rxd1 fxe6 26. Qxe6+ Qf7 27. Qc6 Qa7 28. Qd5+ 1-0